Portraits politiques de Blast par sous-titres - Clic Quiz - Statistiques

Statistiques générales
  • Ce quiz a été pris 157 fois
  • Le résultat moyen est 11 sur 25
Statistiques - réponses
Hint Réponse % Correct
Le Président qui a tué la "droite républicaine" Nicolas Sarkozy
86%
Une révolutionnaire très secrète Arlette Laguiller
68%
L'affaire qui n'a (presque) rien changé Dominique Strauss-Khan
61%
Etait-il un catho de gauche ? Abbé Pierre
57%
Le félon qui voulait remplacer Le Pen Bruno Mégret
57%
Le trotskisme permanent Alain Krivine
52%
Pétainiste et résistant François Mitterrand
52%
Super flic, méga bandit Charles Pasqua
51%
Un réactionnaire pas si fou Philippe de Villiers
50%
La juge qui a fait trembler les grands patrons Eva Joly
47%
Le véritable héritage de ... Jean-Marie Le Pen
47%
C'était vraiment mieux sous ...? Lionel Jospin
47%
La chute de l'Apollon des plages Dominique de Villepin
46%
L'obsession homophobe d'extrême droite Christine Boutin
45%
Quand le parti des chasseurs a manqué sa cible Frédéric Nihous
43%
L'écologiste vraiment radical René Dumont
42%
Le dernier gaulliste social Jacques Chaban-Delmas
38%
A l'intersection des luttes Gisèle Halimi
36%
La première écoféministe Françoise d'Eaubonne
35%
Comment la CFDT est-elle devenue "réformiste" ? Nicole Notat
34%
La République sans le socialisme Jean-Pierre Chevènement
33%
Héros en France, bourreau au Cameroun Pierre Messmer
29%
Du poing américain au costard cravate Alain Madelin
27%
Le KGB, les collabos et le terrorisme d'Etat Charles Hernu
26%
Contre le "wokisme" Georges Marchais
26%
Aucun quiz correspondant
Distribution des résultats
% des personnes avec chaque résultat
Percentile par nombre de réponses
Votre historique - résultats
Vous n’avez pas pris ce quiz